000
00228cam a22000977a 4500
008
180718b xxu||||| |||| 00| 0 eng d
082
_a
O1/H234
100
_a
Harpham, Trudy, ed.
245
_a
In the shadow of the city
260
_a
_b
_c
999
_c
338189
_d
338189